| 000 | 02026nam0a2200433 4500 | ||
|---|---|---|---|
| 001 | RU\NLR\bibl\486344 | ||
| 005 | 20260405174353.0 | ||
| 010 |
_a5-7598-0228-9 _91000 |
||
| 021 |
_aRU _b2003-69967 _93460 |
||
| 035 | _a(NLR Aleph) 000479058 | ||
| 090 |
_a1041972 _c1041972 |
||
| 100 | _a20040204d2004 |||y0rusy50 ca | ||
| 101 | 0 | _arus | |
| 102 | _aRU | ||
| 105 | _ay ||||||||| | ||
| 200 | 1 |
_aГражданская война и общенациональное примирение _eСША, Россия, Испания _fС. Ю. Данилов _gГос. ун-т, Высш. шк. экономики |
|
| 210 |
_aМ. _cВШЭ _cМакс-Пресс _d2004 [т. е. 2003] |
||
| 215 |
_a151, [1] с. _d21 |
||
| 300 | _aНа 4-й с. обл. авт.: С. Ю. Данилов, д. э. н., проф. | ||
| 300 | _aКн. фактически издана в 2003 г. | ||
| 320 | _aДр. работы авт. на 4-й с. обл. | ||
| 606 | 0 |
_aГражданская война и интервенция в СССР _z1918 - 1920 _9913573 _3RU\NLR\auth\6614464 |
|
| 606 | 0 |
_aГражданская война и военная интервенция в России _z1918 - 1920 _92212606 _3RU\NLR\auth\661329092 |
|
| 606 | 0 |
_aГражданская война в Испании _z1936 - 1939 _9943405 _3RU\NLR\auth\6630804 |
|
| 606 | 0 |
_aГражданская война в США _z1861 - 1865 _92282654 _3RU\NLR\auth\661367513 |
|
| 606 | 0 |
_aГражданская война _91322895 _3RU\NLR\auth\66234065 |
|
| 606 | 0 |
_aГражданские войны _92320488 _3RU\NLR\auth\661388260 |
|
| 686 | _aЦ66,5(0)0-1 | ||
| 686 | _aТ3(2)712,02 | ||
| 686 | _aТ3(7США)531,02 | ||
| 686 | _aТ3(4Ис)622,02 | ||
| 700 | 1 |
_4070 _8rus _7ca _aДанилов _bС. Ю. _cд-р ист. наук _gСергей Юлиевич _3RU\NLR\auth\7775617 _958545 |
|
| 801 | 0 |
_aRU _bNLR _c20040204 _gPSBO |
|
| 801 | 1 |
_aRU _bNLR _c20040204 |
|
| 830 | _aАвт. по кн. | ||
| 942 | _cBOOK | ||
| 980 | _aNB | ||